| 000 | 00933cam a22002891 4500 | ||
|---|---|---|---|
| 001 | 35340 | ||
| 003 | BD-RjUL | ||
| 005 | 20211209052314.0 | ||
| 008 | 140522r19641958nyu bs 001 0 eng | ||
| 035 | _a(BD-RjUL)35434 | ||
| 040 |
_aDLC _cDLC _dBD-RjUL _beng |
||
| 041 | _aeng | ||
| 082 | 0 | 0 |
_a519 _bEDS 1964 |
| 100 | 1 |
_aEdwards, Allen Louis. _990374 |
|
| 245 | 1 | 0 |
_aStatistical analysis / _cAllen Louis Edwards. |
| 250 | _aRev. ed. | ||
| 260 |
_aNew York : _bRinehart, _cc1958 [Printing 1964]. |
||
| 300 |
_axii, 234 p. ; _c24 cm. |
||
| 500 | _aFirst published in 1946 under title: Statistical analysis for students in psychology and education. | ||
| 504 | _aIncludes bibliography and index. | ||
| 650 | 0 |
_aStatistics. _9107647 |
|
| 650 | 0 |
_aEducational statistics. _95573 |
|
| 942 |
_2ddc _cBK |
||
| 999 |
_c35340 _d35340 |
||